|
|
|
|
| LEADER |
00000nam a22000007a 4500 |
| 005 |
2020121502102.0 |
| 007 |
cr|||| |||| |
| 008 |
201215s2016 co |||||s|||| 00||0 spa d |
| 020 |
|
|
|a 978-958-716-914-0
|
| 035 |
|
|
|a 32377
|
| 040 |
|
|
|a vLex
|
| 090 |
|
|
|c 10957
|d 10957
|
| 100 |
1 |
|
|a Guerrero Aprèz, Vc̕tor
|
| 245 |
1 |
0 |
|a Guerras civiles colombianas
|h [Recurso electrn̤ico] :
|b Negociacin̤, regulacin̤ y memoria /
|c Vc̕tor Guerrero Aprèz
|
| 256 |
|
|
|a Servicio en ln̕ea
|
| 260 |
|
|
|a Bogot:̀
|b Pontificia Universidad Javeriana,
|c 2016
|
| 300 |
|
|
|a 1 recurso electrn̤ico
|
| 500 |
|
|
|a La guerra en Colombia se ha convertido en una especie de lugar comn︢, pero a la vez en una suerte de enigma que elude todo desciframiento cabal. Sus rasgos distintivos han recibido muy diversas aproximaciones, todas ellas centradas en perspectivas cronolg̤icas de corto plazo. Observar ms̀ atrs̀ de los aǫs 50 del siglo pasado puede parecer un ejercicio superfluo. Sin embargo, resulta necesario indagar en algunas de las dinm̀icas y lg̤icas de nuestras guerras civiles decimonn̤icas que resultaron determinantes para conducir negociaciones, elaborar parm̀etros y prc̀ticas de regulacin̤, as ̕como para construir imaginarios y rituales en los que se funda tanto la recordacin̤ como el olvido.
|
| 506 |
1 |
|
|a Disponible solo en los productos indicados
|d vLex Global
|d vLex Global (Academic Edition, excluding Law Schools)
|d vLex Global (U.S. Academic Edition, Law Schools)
|d vLex Global (U.S. Academic Edition, excluding Law Schools)
|d vLex Global (Academic Edition, Law Schools)
|
| 650 |
0 |
4 |
|a Ciencias sociales
|z Colombia
|
| 650 |
0 |
4 |
|a Ciencia polt̕ica
|z Colombia
|
| 650 |
0 |
4 |
|a Humanidades
|z Colombia
|
| 740 |
0 |
|
|a vLex Libros (Servicio en ln̕ea)
|
| 856 |
4 |
0 |
|u http://vlex.com/source/guerras-civiles-colombianas-negociacion-regulacion-y-memoria-32377
|z Acceso restringido
|
| 942 |
|
|
|c BOOK
|
| 999 |
0 |
|
|a Social Sciences
|
| 999 |
0 |
|
|a Political science
|
| 999 |
0 |
|
|a Humanities
|